000 00412nam a2200145Ia 4500
008 100122s9999 xx 000 0 und d
082 _b15782
_a823
100 _aखिरे जयश्री
245 _aकांचरंग
260 _bवसुधा पब्लिकेशन्स
_c1969
300 _a112
630 _aकांचरंग
730 _aकांचरंग
942 _cBOOK
999 _c405942
_d405939